000 00557nam a2200181 4500
001 139819
003 ES-MaACL
005 20230906195921.0
007 t|
008 070214s1967 sp r ||||1| spa d
100 1 _aSchlabrendorff, Fabian von.
_9104391
245 1 3 _aLa oposición bajo Hitler /
_cFabian von Schlabrendorff ; [traducción de Juan Manuel Egea Ibáñez].
250 _a1ª ed.
260 _aMadrid :
_bCid,
_c1967.
300 _a325 p. ;
_c20 cm.
700 1 _aEgea Ibáñez, Juan Manuel.
_946710
852 _aES-MaACL
_jC-32836
_bR.62098
999 _c139819
_d139819